Time Management / (Record no. 13812)
[ view plain ]
| 000 -LEADER | |
|---|---|
| fixed length control field | 00665nam a2200229 a 4500 |
| 001 - CONTROL NUMBER | |
| JCCL Control Number | 13812 |
| 003 - CONTROL NUMBER IDENTIFIER | |
| JCCL marc code | BD-JhCC |
| 005 - DATE AND TIME OF LATEST TRANSACTION | |
| control field | 20240416073254.0 |
| 008 - FIXED-LENGTH DATA ELEMENTS--GENERAL INFORMATION | |
| fixed length control field | 240415b20152022bg |||| ||a| 000 0 ben d |
| 020 ## - INTERNATIONAL STANDARD BOOK NUMBER | |
| International Standard Book Number | 9789849168201 |
| 035 ## - SYSTEM CONTROL NUMBER | |
| system control number | (BD-JhCC)13812 |
| 040 ## - CATALOGING SOURCE | |
| Original cataloging agency | BD-JhCC |
| Modifying agency | BD-JhCC |
| 041 ## - LANGUAGE CODE | |
| Language code of Book | Bengali |
| 082 ## - DEWEY DECIMAL CLASSIFICATION NUMBER | |
| Classification number | 158.12 |
| Author mark and Year | KAM 2022 |
| 100 ## - MAIN ENTRY--PERSONAL NAME | |
| Personal name | Kamdar,Abu Muyabiya Ismail |
| 245 ## - TITLE STATEMENT | |
| Title | Time Management / |
| Statement of responsibility, etc | Abu Muyabiya Ismail Kamdar. |
| 260 ## - PUBLICATION, DISTRIBUTION, ETC. (IMPRINT) | |
| Place of publication, distribution, etc | ঢাকা: |
| Name of publisher, distributor, etc | সিয়ান প্রকাশনী; |
| Date of publication, distribution, etc | 2022. |
| 300 ## - PHYSICAL DESCRIPTION | |
| Pagination | 141 p. : |
| Dimensions | 22 cm. |
| 650 ## - SUBJECT ADDED ENTRY--TOPICAL TERM | |
| Topical term or geographic name as entry element | Self-Help, |
| Geographic subdivision | Motivational and Meditation: English Books |
| 942 ## - ADDED ENTRY ELEMENTS (KOHA) | |
| Source of classification or shelving scheme | Dewey Decimal Classification |
| Koha item type | Books |
| Source of classification or shelving scheme | Damaged status | Not for loan | Home library | Current library | Shelving location | Date of accession | Source of acquisition | Cost, normal purchase price | Total Checkouts | Full call number | Barcode | Date last seen | Date checked out | Copy number | Method of acquisition | Koha item type | Currency |
|---|---|---|---|---|---|---|---|---|---|---|---|---|---|---|---|---|---|
| Dewey Decimal Classification | JCC Rouf Library | JCC Rouf Library | General Stacks | With The Compliments Of 7th Intake. | 270.00 | 1 | 158.12 KAM 2022 | 19244 | 08/21/2024 | 07/24/2024 | C-1 | Purchase | Books | BDT |